书目信息 |
| 题名: |
城市园林绿地规划
|
|
| 作者: | 杨赉丽 主编 | |
| 分册: | ||
| 出版信息: | 北京 中国林业出版社 2019.7 |
|
| 页数: | 376页 | |
| 开本: | 21cm | |
| 丛书名: | ||
| 单 册: | ||
| 中图分类: | TU985 | |
| 科图分类: | ||
| 主题词: | 城市规划--绿化规划--高等学校--教材 | |
| 电子资源: | ||
| ISBN: | 978-7-5219-0172-6 | |
| 000 | 01058nam0 2200229 450 | |
| 001 | 2153738697 | |
| 005 | 20210621145550.35 | |
| 010 | @a978-7-5219-0172-6@dCNY58.00 | |
| 100 | @a20200517d2019 em y0chiy0110 ea | |
| 101 | 0 | @achi |
| 102 | @aCN@b110000 | |
| 105 | @af z 000zy | |
| 200 | 1 | @a城市园林绿地规划@9Cheng Shi Yuan Lin Lv Di Gui Hua@f杨赉丽主编 |
| 205 | @a5版 | |
| 210 | @a北京@c中国林业出版社@d2019.7 | |
| 215 | @a376页@d21cm | |
| 330 | @a本教材是全国经典教材,被连续遴选为国家级“十一五”、“十二五”规划教材,并获得省部级优秀教材一等奖。主要内容包括绪论,城市绿地系统规划的原理,城市绿地规划的工作内容以及防护绿地、居住区绿地、道路广场绿地、工矿绿地等的规划设计,有关的法律法规。教材内容全面、系统,融入了系统规划与GPS等技术手段在城市绿地系统规划的应用。本次修订主要根据新修订《城市绿地分类标准》(CJJ/T85--2017)进行,配套相应的数字资源更好地满足读者需要。 | |
| 606 | 0 | @a城市规划@x绿化规划@x高等学校@j教材 |
| 690 | 0 | @aTU985@v5 |
| 701 | 0 | @a杨赉丽@9Yang Zuo Li@4主编 |
| 801 | 0 | @aCN@b(网众)采访数据@c20201010 |
| 905 | @aZUCC@dTU985@eY223 | |
| 城市园林绿地规划/杨赉丽主编.-5版.-北京:中国林业出版社,2019.7 |
| 376页;21cm |
| ISBN 978-7-5219-0172-6:CNY58.00 |
| 本教材是全国经典教材,被连续遴选为国家级“十一五”、“十二五”规划教材,并获得省部级优秀教材一等奖。主要内容包括绪论,城市绿地系统规划的原理,城市绿地规划的工作内容以及防护绿地、居住区绿地、道路广场绿地、工矿绿地等的规划设计,有关的法律法规。教材内容全面、系统,融入了系统规划与GPS等技术手段在城市绿地系统规划的应用。本次修订主要根据新修订《城市绿地分类标准》(CJJ/T85--2017)进行,配套相应的数字资源更好地满足读者需要。 |
| ● |
| 相关链接 |
|
|
|
正题名:城市园林绿地规划
索取号:TU985/Y223
 
预约/预借
| 序号 | 登录号 | 条形码 | 馆藏地/架位号 | 状态 | 备注 |
| 1 | 1506819 | 215068192 | 建筑库201/201建筑库 66排4列3层/ [索取号:TU985/Y223] | 在馆 |